| 000 | 00487cam a22002051 4500 | ||
|---|---|---|---|
| 001 | sa 67004315 | ||
| 003 | DLC | ||
| 005 | 20260227112345.0 | ||
| 008 | 881028s1967 xx 000 0 beno | ||
| 010 | _asa 67004315 | ||
| 035 | _a(OCoLC)23548273 | ||
| 040 |
_aDLC _cMiU _dDLC |
||
| 042 | _apremarc | ||
| 050 | 0 | 0 |
_aPK1718.G463 _bK5 |
| 100 | 1 |
_aGhosal, Panchanan, _d1905- |
|
| 245 | 1 | 0 | _aKhuna rāṅā rātri. |
| 260 | _c[1967] | ||
| 300 |
_a232 p. _c22 cm. |
||
| 500 | _aRomanized. | ||
| 999 |
_c74379 _d74379 |
||